[Event "UzChess Cup Challengers"]
[Site "Tashkent UZB"]
[Date "2025.06.19"]
[Round "1"]
[White "Theodorou,Nikolas"]
[Black "Hong,Andrew"]
[Result "1/2-1/2"]
[WhiteElo "2613"]
[BlackElo "2589"]
[EventDate "2025.06.18"]

1. Nf3 Nf6 2. g3 c5 3. Bg2 Nc6 4. O-O e5 5. d3 d5 6. e4 d4 7. a4 h6 8. Na3
Be6 9. Nh4 Nd7 10. Qe1 Be7 11. Nf5 O-O 12. Kh1 Kh8 13. Bd2 Bf6 14. Qd1 Ne7
15. Nd6 Qb8 16. Ndc4 Nb6 17. Nxb6 axb6 18. b3 Ng8 19. f4 Bd8 20. Nc4 Bc7
21. fxe5 Bxc4 22. bxc4 Bxe5 23. Qb1 Qd6 24. a5 Ra6 25. Ra2 Nf6 26. axb6
Rfa8 27. Rxa6 Rxa6 28. Bh3 Rxb6 29. Qd1 Ra6 30. Bf4 g5 31. Bxe5 Qxe5 32.
Qb1 Qc7 33. e5 g4 34. Bg2 Rb6 35. Qe1 Nd7 36. Rxf7 Qxe5 37. Qc1 Qg5 38. Qa1
Ra6 39. Qd1 Ne5 40. Rxb7 Qf5 41. Rb8+ Kg7 42. Rb7+ Kh8 43. Qb1 Rf6 44. Qb5
Nf7 45. Qe8+ Kg7 46. Rb8 Re6 47. Qf8+ Kf6 48. Re8 Rxe8 49. Qxe8 Qf2 50.
Qc6+ Kg7 51. Qe6 h5 52. Qe7 Kh6 53. h4 gxh3 54. Qf8+ Kg6 55. Be4+ Kf6 56.
Bd5 Qf1+ 57. Kh2 Qe2+ 58. Kxh3 Qg4+ 59. Kh2 Qe2+ 60. Kh3 Qg4+ 61. Kh2 Qe2+
62. Bg2 Qe5 63. Qa8 h4 64. Qf3+ Ke7 65. Qf4 hxg3+ 66. Kxg3 Kd6 67. Bd5
Qxf4+ 68. Kxf4 Ne5 69. Be4 Nd7 70. Bg2 Nb8 71. Bb7 Kc7 72. Bf3 Kd6 73. Bb7
Kc7 74. Bf3 Kd6 75. Ke4 1/2-1/2

[Event "UzChess Cup Challengers"]
[Site "Tashkent UZB"]
[Date "2025.06.19"]
[Round "1"]
[White "Suyarov,Mukhammadzokhid"]
[Black "Ma Qun"]
[Result "1/2-1/2"]
[WhiteElo "2490"]
[BlackElo "2630"]
[EventDate "2025.06.18"]

1. e4 e5 2. Nf3 Nc6 3. Bb5 Nf6 4. O-O Nxe4 5. d4 Nd6 6. Bxc6 dxc6 7. dxe5
Nf5 8. Qe2 Nd4 9. Nxd4 Qxd4 10. h3 Be6 11. Rd1 Qc4 12. Rd3 Rd8 13. b3 Qh4
14. Rxd8+ Kxd8 15. Be3 Kc8 16. Nd2 Bb4 17. Nf3 Qh5 18. Bxa7 Bd5 19. Bd4
Bxf3 20. Qxf3 Qxf3 21. gxf3 Bd2 22. Rd1 Bf4 23. Re1 Rd8 24. Re4 g5 25. h4
h6 26. Kg2 Kd7 27. hxg5 hxg5 28. Be3 Bxe3 29. fxe3 Ke6 30. Rd4 Ra8 31. a4
c5 32. Rd3 c4 33. Rc3 cxb3 34. cxb3 c6 35. Rd3 b5 36. axb5 cxb5 37. e4 b4
38. Kg3 Ra1 39. Rd4 Kxe5 40. Rxb4 f6 41. Rb5+ Ke6 42. b4 Rg1+ 43. Kf2 Rb1
44. Kg2 Rb2+ 45. Kg3 Rb1 46. Rb8 Rg1+ 47. Kf2 Rb1 48. Rb5 Rb2+ 49. Kg3 Rb1
50. Kg4 Rg1+ 51. Kh5 g4 52. fxg4 Rh1+ 53. Kg6 Rg1 54. Rb6+ Ke5 55. Kf7 Kxe4
56. Kxf6 Rxg4 57. Rd6 Rf4+ 58. Ke6 Rf5 59. Rb6 Rh5 60. Kd6 Kd4 61. Kc6 Kc4
62. Kb7 Rb5 63. Ka6 Rxb6+ 64. Kxb6 Kxb4 1/2-1/2

[Event "UzChess Cup Challengers"]
[Site "Tashkent UZB"]
[Date "2025.06.19"]
[Round "1"]
[White "Sivuk,V"]
[Black "Ivanchuk,V"]
[Result "1-0"]
[WhiteElo "2522"]
[BlackElo "2634"]
[EventDate "2025.06.18"]

1. d4 e6 2. c4 Nf6 3. Nf3 d5 4. g3 dxc4 5. Bg2 a6 6. O-O Nc6 7. e3 Bd7 8.
Qe2 b5 9. b3 cxb3 10. axb3 Bd6 11. Bb2 Nb4 12. Ne5 Rb8 13. Nc3 O-O 14. Na2
Nbd5 15. e4 Nb6 16. Nd3 Be7 17. Nab4 a5 18. Rxa5 Nc4 19. Ra7 Nxb2 20. Qxb2
Ra8 21. Rfa1 Rxa7 22. Rxa7 Qb8 23. Qa1 Rd8 24. e5 Nd5 25. Nxd5 exd5 26.
Bxd5 Bc8 27. Ra8 Qb6 28. b4 h5 29. Nc5 h4 30. Qb1 g6 31. Qe4 Kg7 32. Qf3 f5
33. gxh4 Bxh4 34. Kf1 Rh8 35. Qc3 g5 36. Bg2 g4 37. d5 f4 38. Be4 f3 39.
Qe3 Be7 40. Rxc8 Rxc8 41. Ne6+ Kf7 42. Qf4+ Ke8 43. Qxg4 Bxb4 44. Bg6+ Kd7
45. Nc5+ 1-0

[Event "UzChess Cup Challengers"]
[Site "Tashkent UZB"]
[Date "2025.06.19"]
[Round "1"]
[White "Madaminov,Mukhiddin"]
[Black "Abasov,N"]
[Result "1-0"]
[WhiteElo "2536"]
[BlackElo "2594"]
[EventDate "2025.06.18"]

1. e4 c5 2. Nf3 e6 3. d4 cxd4 4. Nxd4 Nc6 5. Nxc6 bxc6 6. Bd3 Nf6 7. O-O d5
8. e5 Nd7 9. Re1 a5 10. Nd2 a4 11. c4 Ba6 12. Bc2 dxc4 13. Bxa4 Bb5 14. Bc2
Nc5 15. Qg4 h5 16. Qf4 Be7 17. Ne4 Nd3 18. Bxd3 cxd3 19. b3 Ra7 20. a4 Ba6
21. Ba3 Bxa3 22. Rxa3 Qd5 23. Nd6+ Kf8 24. b4 Kg8 25. Qe3 Ra8 26. Rc1 Rb8
27. Qf4 Rh6 28. f3 Rg6 29. h4 Rxb4 30. Qxb4 Qxf3 31. Qd2 Rxg2+ 32. Qxg2
Qe3+ 33. Qf2 Qxc1+ 34. Kh2 f5 35. Ra2 c5 36. Qd2 Qf1 37. Qg5 Qe1 38. Qd8+
Kh7 39. Nf7 Bb7 40. Ng5+ 1-0

[Event "UzChess Cup Challengers"]
[Site "Tashkent UZB"]
[Date "2025.06.19"]
[Round "1"]
[White "Tokhirjonova,Gulrukhbegim"]
[Black "Vakhidov,J"]
[Result "1/2-1/2"]
[WhiteElo "2370"]
[BlackElo "2539"]
[EventDate "2025.06.18"]

1. d4 Nf6 2. Nf3 g6 3. g3 Bg7 4. Bg2 d5 5. O-O O-O 6. c4 c6 7. cxd5 cxd5 8.
Nc3 Ne4 9. Nxe4 dxe4 10. Ng5 Qxd4 11. Qxd4 Bxd4 12. Nxe4 Nc6 13. Bh6 Rd8
14. Rad1 Bg4 15. Rd2 Bg7 16. Bxg7 Kxg7 17. e3 Ne5 18. Rxd8 Rxd8 19. h3 Be2
20. Rc1 b6 21. b3 f5 22. Nc3 Rd2 23. Nxe2 Rxe2 24. Rc7 Rxa2 25. Rxe7+ Kf6
26. Rxh7 Ra1+ 27. Kh2 Ra2 28. Kg1 Ra1+ 29. Kh2 Ra2 30. Kg1 Ra1+ 1/2-1/2

[Event "UzChess Cup Challengers"]
[Site "Tashkent UZB"]
[Date "2025.06.20"]
[Round "2"]
[White "Hong,Andrew"]
[Black "Vakhidov,J"]
[Result "1-0"]
[WhiteElo "2589"]
[BlackElo "2539"]
[EventDate "2025.06.18"]

1. e4 e5 2. Nf3 Nc6 3. Bc4 Bc5 4. c3 Nf6 5. d3 d6 6. O-O O-O 7. Re1 a5 8.
Bg5 h6 9. Bh4 g5 10. Bg3 Ba7 11. Na3 g4 12. Bh4 gxf3 13. Qxf3 Kg7 14. Nc2
Be6 15. Bd5 Qe7 16. d4 Rae8 17. Kh1 Nb8 18. Bxb7 c6 19. Ba8 Rc8 20. Rad1
Na6 21. Bxc6 Rxc6 22. g4 exd4 23. g5 hxg5 24. Bxg5 Rh8 25. Bxf6+ Qxf6 26.
Rg1+ Qg6 27. e5 Nc7 28. Qf6+ Kh7 29. Rxg6 fxg6 30. Nxd4 Bd5+ 31. Kg1 Ra6
32. Rd3 1-0

[Event "UzChess Cup Challengers"]
[Site "Tashkent UZB"]
[Date "2025.06.20"]
[Round "2"]
[White "Abasov,N"]
[Black "Tokhirjonova,Gulrukhbegim"]
[Result "1-0"]
[WhiteElo "2594"]
[BlackElo "2370"]
[EventDate "2025.06.18"]

1. e4 c6 2. d4 d5 3. e5 Bf5 4. Nf3 e6 5. Be2 Nd7 6. O-O c5 7. c4 dxc4 8.
Nc3 Ne7 9. Bxc4 a6 10. Re1 Nb6 11. Bf1 Nc6 12. Be3 c4 13. Nd2 Nb4 14. Nxc4
Nc2 15. g4 Bg6 16. Nxb6 Qxb6 17. d5 Qxb2 18. d6 Rd8 19. Qd2 Qb4 20. Red1 f6
21. Rac1 Nxe3 22. Qxe3 fxe5 23. Qxe5 Qxg4+ 24. Bg2 Qf5 25. Qg3 Bh5 26. Rd4
g5 27. Ne4 Bg7 28. d7+ Ke7 29. Qa3+ Kf7 30. Nd6+ Kg6 31. Nxf5 Bxd4 32. Nxd4
Rxd7 33. Nxe6 1-0

[Event "UzChess Cup Challengers"]
[Site "Tashkent UZB"]
[Date "2025.06.20"]
[Round "2"]
[White "Ivanchuk,V"]
[Black "Madaminov,Mukhiddin"]
[Result "1/2-1/2"]
[WhiteElo "2634"]
[BlackElo "2536"]
[EventDate "2025.06.18"]

1. d4 Nf6 2. c4 e6 3. Nc3 Bb4 4. Qc2 O-O 5. a3 Bxc3+ 6. Qxc3 d5 7. cxd5 Ne4
8. Qc2 exd5 9. Bf4 Bf5 10. Qxc7 Qxc7 11. Bxc7 Nc6 12. f3 Nf6 13. g4 Bg6 14.
Nh3 Rac8 15. Be5 Nd7 16. Bg3 Na5 17. b4 Nb3 18. Ra2 Nxd4 19. Nf4 Nb6 20.
Kf2 Ne6 21. Bg2 Rc4 22. e3 Rfc8 23. Rd1 Rc2+ 24. Rd2 Rxa2 25. Rxa2 Rc3 26.
Bf1 Nxf4 27. Bxf4 Bd3 28. Bxd3 Rxd3 29. Rc2 Nc4 30. e4 b5 31. exd5 Rxd5 32.
a4 a6 33. axb5 axb5 34. Ra2 h5 35. h3 Rd4 36. Bg3 hxg4 37. hxg4 f6 38. Ke2
Rd8 39. Bf4 Kh7 40. Ra7 Rd4 41. Bc1 Rd5 42. Rb7 Kg8 43. Bf4 Rd4 44. Bc1 Rd5
45. Rc7 Kf8 46. Rc8+ Ke7 47. Rc7+ Kf8 1/2-1/2

[Event "UzChess Cup Challengers"]
[Site "Tashkent UZB"]
[Date "2025.06.20"]
[Round "2"]
[White "Ma Qun"]
[Black "Sivuk,V"]
[Result "1/2-1/2"]
[WhiteElo "2630"]
[BlackElo "2522"]
[EventDate "2025.06.18"]

1. e4 e5 2. Nf3 Nc6 3. Bb5 a6 4. Ba4 Nf6 5. O-O Be7 6. Re1 b5 7. Bb3 O-O 8.
d4 d6 9. c3 Bg4 10. Be3 Bh5 11. Nbd2 Na5 12. Bc2 Ng4 13. b4 Nc6 14. h3 Nxe3
15. fxe3 Nb8 16. a4 Nd7 17. Qe2 c6 18. Ra3 Qc7 19. Rea1 Nb6 20. axb5 axb5
21. Rxa8 Rxa8 22. Rxa8+ Nxa8 23. Bb3 Nb6 24. Qf1 h6 25. Qa1 exd4 26. exd4
d5 27. Qe1 Kf8 28. e5 Bg6 29. Qd1 Qa7 30. Bc2 Bxc2 31. Qxc2 g6 32. Qc1 Kg7
33. Kh2 Qa2 34. h4 Na4 35. h5 Qb2 36. Qxb2 Nxb2 37. hxg6 Kxg6 38. Nb3 Na4
39. Na5 Nxc3 40. Nxc6 Bf8 41. Nh4+ Kg5 42. Kh3 Ne4 43. g3 Kh5 44. Ng2 Ng5+
45. Kh2 Nf3+ 46. Kh1 Kg4 47. Ne3+ Kxg3 48. Nxd5 h5 49. Nf6 Kf4 50. Nxh5+
Kf5 51. Kg2 Nxd4 52. Ng3+ Kf4 53. Nxd4 Bxb4 54. Nc6 Ba3 55. Ne2+ Ke3 56.
Nc3 b4 57. Nd5+ Ke4 58. e6 fxe6 59. Ndxb4 Bxb4 1/2-1/2

[Event "UzChess Cup Challengers"]
[Site "Tashkent UZB"]
[Date "2025.06.20"]
[Round "2"]
[White "Theodorou,Nikolas"]
[Black "Suyarov,Mukhammadzokhid"]
[Result "1-0"]
[WhiteElo "2613"]
[BlackElo "2490"]
[EventDate "2025.06.18"]

1. Nf3 Nf6 2. g3 g6 3. Bg2 Bg7 4. O-O O-O 5. d4 d5 6. c4 c6 7. a4 dxc4 8.
Na3 Na6 9. Nxc4 Be6 10. b3 c5 11. Ba3 Bd5 12. Rc1 cxd4 13. Qxd4 Re8 14.
Rfd1 Qb8 15. Nfe5 Bxg2 16. Kxg2 Nc7 17. Nd7 Ne6 18. Qe3 Nxd7 19. Rxd7 b6
20. Qe4 Bf6 21. Nd6 Bg5 22. Nxe8 Bxc1 23. Nc7 Nxc7 24. Qxe7 Qe8 25. Qxe8+
Nxe8 26. Bxc1 Nf6 27. Rb7 Ne4 28. b4 Kf8 29. Bb2 Nd6 30. Rd7 Nc4 31. Bf6 a6
32. Rc7 b5 33. a5 Ke8 34. e4 Nd2 35. f3 h5 36. Kf2 Nc4 37. Ke2 Nd6 38. Kd3
Rc8 39. Re7+ Kf8 40. Ra7 Rc6 41. Bd4 Nc4 42. Bc5+ Kg7 43. Bd4+ Kf8 44. f4
Re6 45. e5 Ke8 46. h3 Rc6 47. g4 hxg4 48. hxg4 Re6 49. Ra8+ Kd7 50. Rf8 g5
51. Rxf7+ Ke8 52. Rf6 1-0

[Event "UzChess Cup Challengers"]
[Site "Tashkent UZB"]
[Date "2025.06.21"]
[Round "3"]
[White "Suyarov,Mukhammadzokhid"]
[Black "Hong,Andrew"]
[Result "0-1"]
[WhiteElo "2490"]
[BlackElo "2589"]
[EventDate "2025.06.18"]

1. e4 e5 2. Nf3 Nc6 3. Bb5 f5 4. d3 fxe4 5. dxe4 Nf6 6. O-O d6 7. Bc4 Bg4
8. Be3 Qd7 9. Nc3 Be7 10. h3 Bh5 11. Be2 Bg6 12. Nh4 Bf7 13. Nf5 O-O 14.
Ng3 Bg6 15. h4 h6 16. h5 Bh7 17. Bf3 Kh8 18. Rc1 Nd8 19. Nd5 Ne6 20. c4
Rad8 21. Nxf6 Bxf6 22. Bg4 Bg8 23. b4 Qe8 24. Rc3 Bf7 25. b5 Nf4 26. a4 a6
27. b6 c5 28. a5 Qc6 29. Qc2 Ne6 30. Bxe6 Bxe6 31. Rd1 Qe8 32. Nf5 Bxf5 33.
exf5 Qxh5 34. Bxh6 gxh6 35. Rh3 Qe8 36. Rxh6+ Kg7 37. Rg6+ Kf7 38. Qd2 d5
39. cxd5 Rh8 40. g4 Qa4 41. d6 Qe4 42. Qa2+ c4 43. f3 Qe3+ 44. Kg2 Qf4 45.
Kg1 Rh3 46. Rd2 Qg3+ 0-1

[Event "UzChess Cup Challengers"]
[Site "Tashkent UZB"]
[Date "2025.06.21"]
[Round "3"]
[White "Sivuk,V"]
[Black "Theodorou,Nikolas"]
[Result "0-1"]
[WhiteElo "2522"]
[BlackElo "2613"]
[EventDate "2025.06.18"]

1. d4 Nf6 2. c4 c5 3. d5 b5 4. cxb5 a6 5. bxa6 e6 6. Nc3 exd5 7. Nxd5 Nxa6
8. Bg5 Be7 9. Nxe7 Qxe7 10. Nf3 Rb8 11. b3 h6 12. Bxf6 Qxf6 13. Rc1 O-O 14.
e3 Rd8 15. Be2 d5 16. O-O d4 17. exd4 cxd4 18. Bxa6 Bxa6 19. Re1 d3 20. Qd2
Re8 21. Re3 Rec8 22. Ree1 Rxc1 23. Rxc1 Re8 24. Re1 Rc8 25. h3 Rc2 26. Qb4
Rxa2 27. Re8+ Kh7 28. Qb8 g5 29. Rd8 Re2 30. Rd7 Re7 31. Qd8 Qa1+ 32. Kh2
Rxd7 33. Qxd7 Qf6 34. Kg1 Kg7 35. Qd5 Qc3 36. Kh2 Qc7+ 37. Kg1 Qc1+ 38. Kh2
Qf4+ 39. Kg1 Qc1+ 40. Kh2 Qc7+ 41. Kg1 Qc3 42. Kh2 Bc8 43. Ne5 Be6 44. Qd6
Bf5 45. g4 Be4 46. Nd7 Bg6 47. Qf8+ Kh7 48. Qd6 Kg7 49. Ne5 d2 50. Nxg6 Qc2
51. Qf8+ Kxg6 52. Qg8+ Kf6 53. Qh8+ Kg6 54. Qg8+ Kf6 55. Qh8+ Ke7 56. Qe5+
Kd8 57. Qd5+ Kc8 58. Qa8+ Kc7 59. Qa7+ Kd6 60. Qb6+ Ke7 61. Qb4+ Ke6 62.
Qb6+ Kd7 63. Qb5+ Qc6 64. Qf5+ Qe6 65. Qb5+ Ke7 66. Qb7+ Qd7 67. Qe4+ Kf8
68. Qb4+ Kg8 0-1

[Event "UzChess Cup Challengers"]
[Site "Tashkent UZB"]
[Date "2025.06.21"]
[Round "3"]
[White "Madaminov,Mukhiddin"]
[Black "Ma Qun"]
[Result "1-0"]
[WhiteElo "2536"]
[BlackElo "2630"]
[EventDate "2025.06.18"]

1. e4 e5 2. Nf3 Nc6 3. Bc4 Bc5 4. c3 Nf6 5. d3 d6 6. O-O a5 7. Nbd2 O-O 8.
h3 Ba7 9. Re1 Be6 10. Bb5 Ne7 11. Ba4 Ng6 12. d4 Nh5 13. Nf1 Nhf4 14. Ng3
exd4 15. Nxd4 Bxd4 16. cxd4 d5 17. Qf3 dxe4 18. Nxe4 Qxd4 19. Bxf4 Qxa4 20.
Bxc7 Rac8 21. b3 Qd7 22. Bxa5 Qb5 23. Bc3 Rfd8 24. Rad1 Qf5 25. Qxf5 Bxf5
26. Rxd8+ Rxd8 27. Nd6 Be6 28. Nxb7 Rc8 29. Bd4 Nf4 30. Nc5 Bd5 31. f3 h5
32. Be3 Ne6 33. Rd1 Bc6 34. Nd3 Rb8 35. Kf2 g5 36. Ne5 Bb5 37. Rd5 Kg7 38.
Nd7 Rb7 39. Nc5 1-0

[Event "UzChess Cup Challengers"]
[Site "Tashkent UZB"]
[Date "2025.06.21"]
[Round "3"]
[White "Tokhirjonova,Gulrukhbegim"]
[Black "Ivanchuk,V"]
[Result "0-1"]
[WhiteElo "2370"]
[BlackElo "2634"]
[EventDate "2025.06.18"]

1. Nf3 Nf6 2. c4 b6 3. g3 c5 4. Bg2 Bb7 5. O-O g6 6. d4 Bg7 7. Nc3 cxd4 8.
Qxd4 d6 9. Rd1 Nbd7 10. b3 a6 11. Bb2 O-O 12. Qe3 b5 13. cxb5 axb5 14. Nd4
Bxg2 15. Kxg2 b4 16. Na4 Ra6 17. Rac1 Qa8+ 18. Kg1 Qb7 19. Qd3 Ne4 20. Rc7
Qxc7 21. Qxa6 Ndc5 22. Qc4 Qb7 23. Ba1 Rc8 24. Nxc5 Rxc5 25. Qd3 h5 26. f3
Nc3 27. Bxc3 Rxc3 28. Qd2 Qa7 29. Kf1 Qc5 30. f4 Bf6 31. e3 e5 32. fxe5
dxe5 33. Qf2 Qd6 34. Kg1 exd4 35. exd4 Rc1 36. Rxc1 Bxd4 37. Rc2 Bxf2+ 38.
Rxf2 Kg7 39. Kg2 Qd5+ 40. Kg1 g5 41. h3 Kg6 42. Kh2 f5 43. Rg2 Qe5 44. Kh1
h4 45. gxh4 Qe1+ 46. Kh2 Qxh4 47. Rg3 Qf4 48. Kg2 Qd2+ 49. Kg1 Qxa2 50. Re3
Qa7 0-1

[Event "UzChess Cup Challengers"]
[Site "Tashkent UZB"]
[Date "2025.06.21"]
[Round "3"]
[White "Vakhidov,J"]
[Black "Abasov,N"]
[Result "1/2-1/2"]
[WhiteElo "2539"]
[BlackElo "2594"]
[EventDate "2025.06.18"]

1. c4 c5 2. Nf3 Nc6 3. Nc3 Nf6 4. d4 cxd4 5. Nxd4 e6 6. Bf4 d5 7. cxd5 Nxd5
8. Nxc6 bxc6 9. Bd2 Bb4 10. a3 Nxc3 11. Qc2 Nxe2 12. Bxb4 Nd4 13. Qc3 Qd5
14. Bd3 Bb7 15. Rd1 a5 16. Bc5 Qxg2 17. Qxd4 Qxh1+ 18. Bf1 Qd5 19. Qe3 Qh5
20. Qd4 Qd5 21. Qe3 Qh5 22. Qd4 Qd5 1/2-1/2

[Event "UzChess Cup Challengers"]
[Site "Tashkent UZB"]
[Date "2025.06.22"]
[Round "4"]
[White "Hong,Andrew"]
[Black "Abasov,N"]
[Result "1-0"]
[WhiteElo "2589"]
[BlackElo "2594"]
[EventDate "2025.06.18"]

1. e4 d5 2. exd5 Qxd5 3. Nc3 Qa5 4. Bc4 Nf6 5. d3 Bg4 6. Nge2 e6 7. h3 Bxe2
8. Qxe2 Nc6 9. O-O Nd4 10. Qd1 Rd8 11. Be3 Be7 12. a4 c6 13. Ne2 Nxe2+ 14.
Qxe2 Nd5 15. Bd2 Qc7 16. a5 O-O 17. c3 Bf6 18. Rfe1 c5 19. Qf3 a6 20. Re4
Rd7 21. h4 Qd8 22. g3 Be7 23. Kg2 Nf6 24. Re5 Qc7 25. Re2 Rc8 26. Bb3 Rcd8
27. Bf4 Qc8 28. Rd1 h5 29. Bg5 Qc7 30. Bxf6 Bxf6 31. Qxh5 Qxa5 32. Rxe6
fxe6 33. Bxe6+ Kf8 34. Re1 Qb5 35. Qh7 Rf7 36. Bd5 1-0

[Event "UzChess Cup Challengers"]
[Site "Tashkent UZB"]
[Date "2025.06.22"]
[Round "4"]
[White "Ivanchuk,V"]
[Black "Vakhidov,J"]
[Result "0-1"]
[WhiteElo "2634"]
[BlackElo "2539"]
[EventDate "2025.06.18"]

1. d4 Nf6 2. c4 g6 3. g3 c5 4. dxc5 Na6 5. Nc3 Nxc5 6. Bg2 Bg7 7. Nh3 O-O
8. Nf4 d6 9. O-O Bf5 10. Be3 Nfe4 11. Nxe4 Bxe4 12. Bxe4 Nxe4 13. f3 Nc5
14. Rb1 Ne6 15. Nd5 Nc7 16. b3 e6 17. Nxc7 Qxc7 18. Qd2 d5 19. cxd5 Rfd8
20. Rbc1 Qe5 21. f4 Qxd5 22. Qxd5 exd5 23. Rfd1 Rd7 24. Kf2 f5 25. Bd4
Bxd4+ 26. Rxd4 Kf7 27. Rc5 Rad8 28. Ke3 h5 29. h4 b6 30. Rc3 Re8+ 31. Kd2
Re6 32. Rcd3 Red6 33. b4 b5 34. Rc3 Ra6 35. a3 Re6 36. Rc5 Rde7 37. Rxb5
Rxe2+ 38. Kc3 Rc7+ 39. Kb3 Re3+ 40. Ka4 Rcc3 41. Rbxd5 Rxa3+ 42. Kb5 Rxg3
43. Rd7+ Ke8 44. Rd8+ Ke7 45. R4d7+ Ke6 46. Rd6+ Ke7 47. R8d7+ Ke8 48. Rg7
Rg4 49. Rc6 Kd8 50. Rcc7 Rxf4 51. Rgd7+ Ke8 52. Rh7 Kd8 53. Rcd7+ Kc8 54.
Rc7+ Kd8 55. Rb7 Kc8 56. Rbg7 Rd4 57. Rxg6 Rd5+ 58. Kc6 Ra6+ 59. Kxd5 Rxg6
60. Rxh5 Rb6 61. Kd4 0-1

[Event "UzChess Cup Challengers"]
[Site "Tashkent UZB"]
[Date "2025.06.22"]
[Round "4"]
[White "Ma Qun"]
[Black "Tokhirjonova,Gulrukhbegim"]
[Result "1/2-1/2"]
[WhiteElo "2630"]
[BlackElo "2370"]
[EventDate "2025.06.18"]

1. e4 c6 2. d4 d5 3. e5 Bf5 4. h4 h5 5. Bd3 Bxd3 6. Qxd3 Qa5+ 7. Nd2 e6 8.
Ne2 Ne7 9. c3 Qa6 10. Qc2 c5 11. Nf3 cxd4 12. cxd4 Nbc6 13. O-O Nf5 14. Bg5
Be7 15. Bxe7 Ncxe7 16. Qd2 Rc8 17. Rfc1 Rxc1+ 18. Rxc1 Qxa2 19. Nf4 Nc6 20.
Kh2 Qa4 21. b4 Rh6 22. Rb1 a6 23. g3 Qb5 24. Kg2 Qb6 25. Ne2 Rg6 26. Nf4
Rh6 27. Ne2 Rg6 28. Nf4 Rh6 1/2-1/2

[Event "UzChess Cup Challengers"]
[Site "Tashkent UZB"]
[Date "2025.06.22"]
[Round "4"]
[White "Theodorou,Nikolas"]
[Black "Madaminov,Mukhiddin"]
[Result "1-0"]
[WhiteElo "2613"]
[BlackElo "2536"]
[EventDate "2025.06.18"]

1. d4 Nf6 2. c4 e6 3. Nc3 d5 4. cxd5 exd5 5. Bf4 c6 6. e3 Bf5 7. Nge2 Qb6
8. Qd2 Ne4 9. Nxe4 Bxe4 10. Nc3 Bg6 11. h4 Nd7 12. h5 Bf5 13. f3 h6 14. g4
Bh7 15. Bd3 Bxd3 16. Qxd3 Be7 17. O-O-O Qd8 18. Kb1 O-O 19. Ne2 Re8 20. Ng3
Nf8 21. Nf5 Ne6 22. Rdg1 Bf6 23. g5 hxg5 24. Be5 c5 25. f4 cxd4 26. exd4
Bxe5 27. fxe5 Qd7 28. Qf3 Rf8 29. Nd6 Nxd4 30. Qf2 Nc6 31. Rxg5 Nxe5 32.
Qf6 Ng6 33. hxg6 1-0

[Event "UzChess Cup Challengers"]
[Site "Tashkent UZB"]
[Date "2025.06.22"]
[Round "4"]
[White "Suyarov,Mukhammadzokhid"]
[Black "Sivuk,V"]
[Result "1/2-1/2"]
[WhiteElo "2490"]
[BlackElo "2522"]
[EventDate "2025.06.18"]

1. e4 e5 2. Nf3 Nc6 3. Bb5 a6 4. Bxc6 dxc6 5. O-O f6 6. d4 exd4 7. Nxd4 c5
8. Nb3 Qxd1 9. Rxd1 Be6 10. Bf4 c4 11. Nd4 O-O-O 12. Nc3 Bf7 13. h4 h5 14.
Nf5 Rxd1+ 15. Rxd1 Ne7 16. Ne3 Ng6 17. Bg3 Ne5 18. Ncd5 b5 19. Nf5 Bxd5 20.
exd5 g6 21. Nd4 Bd6 22. Kf1 Kd7 23. b3 Re8 24. Bxe5 Bxe5 25. Ne6 Kd6 26. f4
Bc3 27. f5 gxf5 28. Ng7 Re4 29. g3 f4 30. Nxh5 fxg3 31. Nxg3 Rg4 32. Kf2
Ke5 33. h5 Rh4 34. bxc4 bxc4 35. Rh1 Rxh1 36. Nxh1 Bd2 37. Ng3 f5 38. Kf3
Bg5 39. Nf1 Kxd5 40. Ne3+ Kd4 41. Nxf5+ Kc3 42. Ne3 c6 43. Ke4 a5 44. Kf3
a4 45. Ke4 c5 46. Kf3 Bh6 47. Ke4 Bg5 1/2-1/2

[Event "UzChess Cup Challengers"]
[Site "Tashkent UZB"]
[Date "2025.06.23"]
[Round "5"]
[White "Sivuk,V"]
[Black "Hong,Andrew"]
[Result "1/2-1/2"]
[WhiteElo "2522"]
[BlackElo "2589"]
[EventDate "2025.06.18"]

1. c4 Nf6 2. g3 e6 3. Bg2 d5 4. Nf3 d4 5. O-O Nc6 6. e3 e5 7. exd4 e4 8.
Ng5 Nxd4 9. Nxe4 Nxe4 10. Bxe4 h5 11. Re1 Be7 12. Nc3 c6 13. d3 Bg4 14. f3
Be6 15. Be3 O-O 16. Kh1 Re8 17. Qd2 Qd7 18. Qf2 Bf6 19. f4 h4 20. Rad1 Bg4
21. Rd2 h3 22. Kg1 g6 23. Bh1 Bg7 24. Kf1 Rad8 25. Ne4 b6 26. Ng5 Re7 27.
Nf3 Bxf3 28. Bxf3 Nf5 29. g4 Nxe3+ 30. Rxe3 Rxe3 31. Qxe3 Re8 32. Qf2 Bd4
33. Qg3 Be3 34. Re2 Qxd3 35. Bxc6 Re7 36. Qxh3 Qxc4 37. Qf3 Bd4 38. Bd5
Qc1+ 39. Kg2 Rxe2+ 40. Qxe2 Qxf4 41. Qf3 Qxf3+ 42. Kxf3 Bxb2 43. h4 Kg7 44.
g5 Bc3 45. Kg4 b5 46. h5 gxh5+ 47. Kxh5 a5 48. Bc6 b4 49. Ba4 Bd2 50. Bb3
Kf8 51. Kg4 Ke7 52. Kf5 Bc3 53. g6 fxg6+ 54. Kxg6 Kd6 55. Kf5 Kc5 56. Ke4
Kb5 57. Kd3 a4 58. Bf7 Bh8 59. Kc2 Kb6 60. Be8 Ka5 61. Bf7 b3+ 62. Bxb3 a3
63. Kb1 Kb4 64. Kc2 Ka5 65. Kb1 Kb4 66. Kc2 Ka5 1/2-1/2

[Event "UzChess Cup Challengers"]
[Site "Tashkent UZB"]
[Date "2025.06.23"]
[Round "5"]
[White "Madaminov,Mukhiddin"]
[Black "Suyarov,Mukhammadzokhid"]
[Result "1/2-1/2"]
[WhiteElo "2536"]
[BlackElo "2490"]
[EventDate "2025.06.18"]

1. e4 e6 2. Nf3 d5 3. Nc3 Nf6 4. e5 Nfd7 5. d4 c5 6. Ne2 Nc6 7. c3 Be7 8.
a3 O-O 9. Nf4 Qa5 10. b4 cxb4 11. Bd3 bxc3 12. Qc2 f5 13. Rb1 Nb6 14. g4 g6
15. Rg1 Kh8 16. h4 Nc4 17. Kf1 Nxa3 18. Bxa3 Qxa3 19. gxf5 gxf5 20. Rb3
Qa1+ 21. Rb1 Qa3 22. Rb3 Qa1+ 23. Rb1 Qa3 24. Rb3 1/2-1/2

[Event "UzChess Cup Challengers"]
[Site "Tashkent UZB"]
[Date "2025.06.23"]
[Round "5"]
[White "Tokhirjonova,Gulrukhbegim"]
[Black "Theodorou,Nikolas"]
[Result "1/2-1/2"]
[WhiteElo "2370"]
[BlackElo "2613"]
[EventDate "2025.06.18"]

1. e4 c5 2. Nf3 Nc6 3. c3 e5 4. Bc4 Nf6 5. Ng5 d5 6. exd5 Nxd5 7. Qh5 g6 8.
Qf3 Qxg5 9. Bxd5 Nd8 10. O-O Qf5 11. Qe3 Be6 12. Be4 Qf6 13. d3 Qe7 14. f4
Bh6 15. Qg3 f5 16. Bf3 c4 17. Re1 Nf7 18. dxc4 e4 19. Be2 Bxc4 20. Bxc4
Qc5+ 21. Be3 Qxc4 22. Na3 Qa4 23. Rad1 O-O 24. Rd4 Qa6 25. Red1 Bg7 26. Rd7
Rad8 27. Qe1 Qc6 28. Rxd8 Rxd8 29. Rxd8+ Nxd8 30. Bxa7 Qd5 31. Be3 Qxa2 32.
Qd2 Nc6 33. h3 Qe6 34. Nb5 Bf6 35. Qd6 Qf7 36. Nc7 Qe7 37. Qd5+ Qf7 38. Qd6
Be7 39. Qd1 Bf8 40. Nd5 Ne7 41. Nb6 Nc6 42. b4 Qe6 43. b5 Na5 44. c4 Qd6
45. Qxd6 Bxd6 46. c5 Bc7 47. Nd5 Bd8 48. Bd2 Nb3 49. Be3 Na5 50. Bd2 Kf7
51. Bxa5 Bxa5 52. c6 bxc6 53. bxc6 Ke6 54. c7 Kd7 55. Nf6+ Kxc7 56. Nxh7
Bb4 57. Ng5 Be7 58. Nf7 Bf6 59. g4 Kd7 60. gxf5 gxf5 61. Kf2 Ke7 62. Ng5
Bd4+ 63. Ke2 Kf6 64. Nh7+ Kg6 65. Nf8+ Kf7 66. Nh7 Bc5 67. Ng5+ Kf6 68.
Nh7+ Kf7 69. Ng5+ Ke7 70. h4 Kf6 71. h5 Ba3 72. Kd2 Bf8 73. Ke3 Bc5+ 74.
Ke2 Ba3 75. Kd2 Bb2 76. h6 Kg6 77. h7 Bd4 78. Ke2 Bb2 79. Kd2 Kg7 80. Nxe4
fxe4 81. Ke3 Bc1+ 82. Kxe4 Bxf4 83. Kxf4 Kxh7 84. Ke4 1/2-1/2

[Event "UzChess Cup Challengers"]
[Site "Tashkent UZB"]
[Date "2025.06.23"]
[Round "5"]
[White "Vakhidov,J"]
[Black "Ma Qun"]
[Result "1/2-1/2"]
[WhiteElo "2539"]
[BlackElo "2630"]
[EventDate "2025.06.18"]

1. d4 Nf6 2. c4 e6 3. Nc3 Bb4 4. e3 O-O 5. Bd2 d5 6. a3 Be7 7. Nf3 c5 8.
dxc5 Bxc5 9. b4 Be7 10. cxd5 exd5 11. Be2 a5 12. bxa5 Nc6 13. O-O Nxa5 14.
Nb5 Nc4 15. Bc3 Ne4 16. Bd4 Bg4 17. a4 Bf6 18. Bxf6 Nxf6 19. Qd4 Na5 20.
Qb2 Qe7 21. Rfc1 Rfc8 22. Nbd4 Nc6 23. Nb5 Na5 24. Nbd4 Nc6 25. Nb5 Na5 26.
Nbd4 1/2-1/2

[Event "UzChess Cup Challengers"]
[Site "Tashkent UZB"]
[Date "2025.06.23"]
[Round "5"]
[White "Abasov,N"]
[Black "Ivanchuk,V"]
[Result "1/2-1/2"]
[WhiteElo "2594"]
[BlackElo "2634"]
[EventDate "2025.06.18"]

1. d4 Nf6 2. Nf3 g6 3. g3 b6 4. Bg2 Bb7 5. c4 c5 6. d5 b5 7. O-O Bg7 8. Re1
bxc4 9. e4 d6 10. Nbd2 O-O 11. Nxc4 Nbd7 12. Bd2 Ng4 13. Qc2 Ba6 14. Rab1
Bxc4 15. Qxc4 Nge5 16. Nxe5 Nxe5 17. Qc2 c4 18. Bc3 Rc8 19. Re2 Qb6 20. h4
Rc7 21. Kh2 h5 22. Bxe5 Bxe5 23. f4 Bd4 24. e5 Rb8 25. Qe4 c3 26. b3 Qa6
27. Qc2 Rb4 28. Rbe1 Kg7 29. Bf3 Qa3 30. e6 Qb2 31. exf7 Qxc2 32. Rxc2 a5
33. Be2 a4 34. Bc4 Kxf7 35. Kg2 axb3 36. Bxb3 Bf6 37. Kf3 Rcb7 38. Re4 Ke8
39. Rxb4 Rxb4 40. Re2 Bd4 41. Ke4 Bf2+ 42. Kf3 Bd4 43. Ke4 Bf6+ 44. Kf3 Bd4
1/2-1/2